ბათუმის შოთა რუსთაველის სახელმწიფო უნივერსიტეტის ბიბლიოთეკა

Словарь нумизмата / (ბიბ.ჩანაწერი № 60951)

000 -LEADER
fixed length control field 00704nam a22001937a 4500
005 - DATE AND TIME OF LATEST TRANSACTION
control field 20231129115031.0
008 - FIXED-LENGTH DATA ELEMENTS--GENERAL INFORMATION
fixed length control field 231129s2008 ru ||||| |||| 00| 0 rus d
020 ## - INTERNATIONAL STANDARD BOOK NUMBER
International Standard Book Number 9785952436022
041 ## - LANGUAGE CODE
Language code of text/sound track or separate title rus
080 ## - UNIVERSAL DECIMAL CLASSIFICATION NUMBER
Universal Decimal Classification number 737(038) Г-52
100 ## - MAIN ENTRY--PERSONAL NAME
Personal name Гладкий, В.Д.
9 (RLIN) 20503
245 ## - TITLE STATEMENT
Title Словарь нумизмата /
Statement of responsibility, etc. В. Гладкий.
264 ## - PRODUCTION, PUBLICATION, DISTRIBUTION, MANUFACTURE, AND COPYRIGHT NOTICE
Place of production, publication, distribution, manufacture Москва :
Name of producer, publisher, distributor, manufacturer Центрполиграф,
Date of production, publication, distribution, manufacture, or copyright notice 2008.
300 ## - PHYSICAL DESCRIPTION
Extent 377 с.:
Other physical details ил.;
Dimensions 27 см.
653 ## - INDEX TERM--UNCONTROLLED
keyword ნუმიზმატიკოსთა ლექსიკონი
653 ## - INDEX TERM--UNCONTROLLED
keyword მსოფლიო ვალუტები
653 ## - INDEX TERM--UNCONTROLLED
keyword მონეტის დათარიღება
942 ## - ADDED ENTRY ELEMENTS (KOHA)
Source of classification or shelving scheme
Koha item type წიგნი
ეგზემპლარები
Withdrawn status Lost status Source of classification or shelving scheme Damaged status Not for loan Permanent Location Current Location Shelving location Date acquired Cost, normal purchase price Full call number Barcode Date last seen Copy number Uniform Resource Identifier Price effective from Koha item type Public note
          ბათუმის შოთა რუსთაველის სახელმწიფო უნივერსიტეტის მთავარი ბიბლიოთეკა ბათუმის შოთა რუსთაველის სახელმწიფო უნივერსიტეტის მთავარი ბიბლიოთეკა წიგნსაცავი 2023-11-29 12.00 737(038) Г-52 65490 2023-11-29 65490 ბსუ-ს საპატიო დოქტორის გურამ ლორთქიფანიძის საჩუქარი 2023-11-29 წიგნი 12 ლ.